Bilecik Bilecik Bilecik Bilecik Bilecik

Merdivenler : (Record no. 11281)

MARC details
000 -BAŞLIK
Sabit Uzunluktaki Kontrol Alanı 01879nam a22003617a 4500
001 - KONTROL NUMARASI
Control Dosyası 0011312
003 - KONTROL NUMARASI KİMLİĞİ
Kontrol Alanı KOHA_MİRAKIL
005 - EN SON İŞLEM TARİHİ ve ZAMANI
Kontrol Alanı 20260207001813.0
007 - FİZİKSEL TANIM SABİT ALAN - GENEL BİLGİ
Sabit uzunluklu kontrol alanı ta
008 - SABİT UZUNLUKTAKİ VERİ ÖGELERİ - GENEL BİLGİ
Sabit Alan 091208b2000 tu |||gr||||#||||0|tur |
020 ## - ISBN - ULUSLARARASI STANDART KİTAP NUMARASI
Isbn 9757438111
040 ## - KATALOGLAMA KAYNAĞI
Özgün Kataloglama Kurumu TR-BiSEU
Kataloglama Dili tur
Çeviri Kurumu TR-BiSEU
Açıklama Kuralları rda
041 0# - DİL KODU
Metin ya da ses kaydının dil kodu tur
044 ## - YAYINLAYAN/ÜRETEN KURULUŞUN ÜLKE KODU
ISO country code tu
050 ## - SINIFLAMA ve YER NUMARASI
Sınıflama Numarası NA3060
Yer Numarası .S27 2000
100 1# - KİŞİ ADI
Yazar Adı (Kişi adı) Sarı, Abdullah.
245 1# - ESER ADI BİLDİRİMİ
Başlık Merdivenler :
Alt Eseradı vb. düşey sirkülasyon araçları/
Sorumluluk Bildirimi Abdullah Sarı ; Abdullah Sarı.
250 ## - BASIM BİLDİRİMİ
Basım Bildirimi 7. bsk.
264 #1 - ÜRERİM, YAYIN, DAĞITIM ve TELİF BİLDİRİMİ
Yayın yeri İstanbul :
Yayınlayan Yapı-Endüstri Merkezi
Yayın tarihi 2000
300 ## - FİZİKSEL TANIMLAMA
Sayfa, Cilt vb. 187 sayfa: resimli; 24 cm.
336 ## - İÇERİK TÜRÜ
Content type term metin
Content type code txt
Source rdacontent
337 ## - MEDYA TÜRÜ
Media type term aracısız
Media type code n
Source rdamedia
338 ## - TAŞIYICI TÜRÜ
Carrier type term cilt
Carrier type code nc
Source rdacarrier
500 ## - GENEL NOT
Genel Not Kaynakça var.
505 ## - İÇİNDEKİLER NOTU
İçindekiler Notu İÇİNDEKİLER
650 #0 - KONU BAŞLIĞI EK GİRİŞ - KONU TERİMİ
Konusal terim veya coğrafi ad Staircases.
9 (RLIN) 27555
650 #0 - KONU BAŞLIĞI EK GİRİŞ - KONU TERİMİ
Konusal terim veya coğrafi ad Stair building.
9 (RLIN) 27556
650 #0 - KONU BAŞLIĞI EK GİRİŞ - KONU TERİMİ
Konusal terim veya coğrafi ad Architectures details.
9 (RLIN) 27557
650 #0 - KONU BAŞLIĞI EK GİRİŞ - KONU TERİMİ
Konusal terim veya coğrafi ad Merdivenler.
9 (RLIN) 27558
650 #0 - KONU BAŞLIĞI EK GİRİŞ - KONU TERİMİ
Konusal terim veya coğrafi ad Merdiven yapımı.
9 (RLIN) 27559
650 #0 - KONU BAŞLIĞI EK GİRİŞ - KONU TERİMİ
Konusal terim veya coğrafi ad Mimari--Detaylar.
9 (RLIN) 27560
942 ## - EK GİRİŞ ÖGELERİ (KOHA)
Source of classification or shelving scheme Library of Congress Classification
Koha item type Book
505 ## - İÇİNDEKİLER NOTU
-- ÖNSÖZ
-- GİRİŞ
--
-- 1-GENEL BİLGİLER
--
-- 1.1.TANIM
-- 1.2.MERDİVEN TÜRLERİ
-- 1.3.BOYUTSAL KOŞULLAR
-- 1.4.RIHT VE BASSAMAK BOYUTLARI ARASINDAKİİLİŞKİLER
-- 1.5.MERDİVEN BASAMAKLARININ DENGELENMESİ
--
-- 2.MERDİVEN KONSTRÜKSİYONLARI
-- 2.1.TAŞIYICI KISIM
-- 2.2.KAPLAMA KONSTRRÜKSİYONU
-- 2.3.KORKULUK KONSTRRÜKSİYONU
--
-- 3.MERDİVENLERİN YAPISAL ÖZELLİĞİ
-- 3.1.DOĞAL VE YAPAY TAŞ BASAMAKLI MERDİVENLER
-- 3.2.BETONARME MERDİVENLER
-- 3.3.AHŞAP MERDİVENLER
-- 3.4.METAL MERDİVENLER
-- 3.5.KARMA MERDİVENLER
--
-- 4.MERDİVEN KORKULUKLARI
-- 4.1.KORKULUK KONSTRRÜKSİYONU
-- 4.2.KÜPEŞTE KONSTRRÜKSİYONU
-- 4.3.DOLGU KONSTRRÜKSİYONU
--
-- 5.GENEL KOŞUMLAR VE ÇİZİMSEL ANLATIM
-- 5.1.MERDİVENLERİN DÜZENLENMESİ VE İŞLEVSEL GEREKLİLİKLERİNE İLİŞKİN GENEL KOŞULLAR
-- 5.2.MERDİVENLERİN ÇİZİMSEL ANLATIMLARI
--
--
Holdings
Materyal Türü Kalıcı Konum Mevcut Konum Raf Yeri Sınıflandırma Kaynağı Edinim Bilgisi Ana Konular Alt Konular Yer Numarası Demirbaş Numarası Fatura Tarihi Maliyet, Alış Fiyatı Maliyet, Yenileme Fiyatı Geri Çekilme Durumu Kayıp Durumu Hasarlı Durumu Kredi için değil Kayıt Tarih Toplam Ödünçverme Son Görülme Tarihi Son Kontrol Tarihi Genel / Bağış Notu
Book Prof. Dr. Azmi Özcan Kütüphanesi Prof. Dr. Azmi Özcan Kütüphanesi Uluğbey Salonu Library of Congress Classification Bağış GÜZEL SANATLAR Mimarlık NA3060 .S27 2000 0011312 13/08/2010 3.50 3.50         08/12/2009 2 05/12/2024 05/12/2024 Genel Bağış